Регионална библиотека "Любен Каравелов" - Русе

Старогръцки легенди и митове (Запис номер 958)

MARC детайли
000 -Лидер
Контролно поле с фиксирана дължина 01692nam a2200361 a 4500
003 - Код на организацията, давaща контролен номер
Контролно поле BLK
005 - Дата и час на последна редакция
Контролно поле 20240924100525.0
008 - Елементи от данни с фиксирана дължина
fixed length control field 180412b bul|||||r ||||||| ||bul||
010 ## - Наследен системен номер
LC control number KNG00001685000
020 ## - Международен стандартен номер на книга ISBN
Международен стандартен номер на книга ISBN 954-404-054-4
040 ## - Източник на каталожния запис
Идентификатор на билиотеката - собственик на записа BLK
041 ## - Код за език
Код за езика на текст/звукозапис или на отделно заглавие Български
Код за езика КДБФ Български
080 ## - УДК
Текстов определител УДК Класическа гръцка литература. Старогръцка литература
УДК код - определител по УДК 821.142
УДК определител -91-34
УДК - код + определител 821.142-91-34
080 ## - УДК
Текстов определител УДК Класически митологии. Религии на Древна Гърция и Рим, етруска религия. Подразделя се като 291
УДК код - определител по УДК 292
УДК - код + определител 292
100 ## - Редна дума - Автор
Автор Кун, Николай Албертович
Дати, свързани с автора 1877 - 1940
R(LIN) 243319
139 ## - Редно поле
Редна дума Кун, Николай Албертович
Авторски знак Ку - К 93
245 10 - Сведения за заглавието
Заглавие Старогръцки легенди и митове
Редно поле (дума) Николай Албертович Кун; прев. от рус. Никола Мънков; предг. от Анатолий Георгиевич Бокшчанин.
250 ## - Област на изданието
Сведения за изданието 7. изд.
257 ## - Страна на издаване
Страна на създаване/издаване Русия
260 ## - Област на издателските данни
Място на издаване, разпространение и проч. София
Име на издателя, разпространителя и проч. Ведрина
Година на издаване 1994
Печатница Пловдив : Полиграфия
300 ## - Физическа характеристика
Страници 584 с.
Илюстрации и др. с ил.
Размери/Мащаб 21 см
380 ## - Жанр
Жанр Детска худож. лит.
500 ## - Общи забележки
Забележка 1. изд. 1960 на изд. Наука и изкуство. ; доп. тир. 1996.
700 1# - Други автори (авторска отговорност)
Лично име Мънков, Никола
Автороска отговорност (Описва отношението между автора и произведението) прев. от рус.
9 (RLIN) 243320
700 1# - Други автори (авторска отговорност)
Лично име Бокшчанин, Анатолий Георгиевич
Автороска отговорност (Описва отношението между автора и произведението) предг. от
9 (RLIN) 41070
852 ## - Местоположение
Форматна сигнатура Цб 176512
Фондова буква Хранилище
856 4# - Електронен адрес и достъп
Електронен формат pdf - файл
Път до файла /url/
856 4# - Електронен адрес и достъп
Електронен формат pdf - файл
Път до файла /url/
942 ## - АРТИКУЛИ
Вид на библиотечния материал Книги
Скрит в OPAC Не
Koha issues (borrowed), all copies 3
944 ## - СЪЗДАВАНЕ И РЕДАКЦИЯ на ЗАПИСА
Създаване/Редакция Създаване
Дата на регистрацията/редакция 15.01.2003
Служител, извършил регистрацията/редакцията 30560
Статус, дата на статуса Геновева Генчева
944 ## - СЪЗДАВАНЕ И РЕДАКЦИЯ на ЗАПИСА
Създаване/Редакция Редакция
Дата на регистрацията/редакция 15.02.2011
999 ## - СИСТЕМНИ КОНТРОЛНИ НОМЕРА
Koha biblionumber 958
Koha biblioitemnumber 958
999 ## - СИСТЕМНИ КОНТРОЛНИ НОМЕРА
Koha biblioitemnumber 958
Наличности
Код за отписване Код за изгубен артикул Източник на класификационната схема Код за повреда Коз за рестрикции Код за отдаване Артикулен № Име на библиотеката - собственик Име на библиотеката, в която се намира в момента Статус (Текущо местоположение) Дата на вписване в системата Местоположение - отдел Цена в лева Инвентарен номер Систематично азбучна сигнатура Баркод Номер на екземпляра Цена в евро Служебна бележка Служебен тип на артикула Бележка за публиката
  Не е изгубен Universal Decimal Classification Не е повреден без рестрикции ползва се в читалня 1981 Регионална библиотека "Любен Каравелов" Русе Регионална библиотека "Любен Каравелов" Русе Хранилище 1994-01-01 Хранилище 0.00 601553 Цб 176512 120000601553 1 0.00 Дост: Dp Вид: Д N: стар фонд Дата: 01.01.1994 Книги  
Изтеглен Не е изгубен Universal Decimal Classification Не е повреден без рестрикции заемане за дома 1982 Регионална библиотека "Любен Каравелов" Русе Регионална библиотека "Любен Каравелов" Русе Заемна - подръчен фонд 1994-01-01 Заемна - подръчен фонд 2.60 602087 П 875-32/К 93 602087 2 1.33 Дост: Pk Вид: Ф N: стар фонд Дата: 01.01.1994 Дата инв: 15.02.2018 Бележки инв: П2018 Книги  
Изтеглен Не е изгубен Universal Decimal Classification Не е повреден без рестрикции заемане за дома 1983 Регионална библиотека "Любен Каравелов" Русе Регионална библиотека "Любен Каравелов" Русе Детски отдел 1994-01-01 Детски отдел 0.01 602083 Д 820/899/К 93 602083 3 0.01 Дост: Pk Вид: Ф N: стар фонд Дата: 01.01.1994 Книги  
Изтеглен Не е изгубен Universal Decimal Classification Не е повреден без рестрикции заемане за дома 1984 Регионална библиотека "Любен Каравелов" Русе Регионална библиотека "Любен Каравелов" Русе Детски отдел 1994-01-01 Детски отдел 0.01 602085 Д 820/899/К 93 602085 4 0.01 Дост: Pk Вид: Ф N: стар фонд Дата: 01.01.1994 Дата инв: 03.08.2015 Бележки инв: Д2015 Книги  
Изтеглен Не е изгубен Universal Decimal Classification Не е повреден без рестрикции заемане за дома 1985 Регионална библиотека "Любен Каравелов" Русе Регионална библиотека "Любен Каравелов" Русе Заемна - подръчен фонд 1994-01-01 Заемна - подръчен фонд 2.60 605614 П 875-32/К 93 605614 5 1.33 Дост: Pk Вид: Ф N: стар фонд Дата: 01.01.1994 Книги  
Изтеглен Не е изгубен Universal Decimal Classification Не е повреден без рестрикции заемане за дома 1986 Регионална библиотека "Любен Каравелов" Русе Регионална библиотека "Любен Каравелов" Русе Заемна - подръчен фонд 1994-01-01 Заемна - подръчен фонд 2.60 605617 П 875-32/К 93 605617 6 1.33 Дост: Pk Вид: Ф N: стар фонд Дата: 01.01.1994 Книги  
Изтеглен Не е изгубен Universal Decimal Classification Не е повреден без рестрикции заемане за дома 1987 Регионална библиотека "Любен Каравелов" Русе Регионална библиотека "Любен Каравелов" Русе Заемна - подръчен фонд 1994-01-01 Заемна - подръчен фонд 0.01 605618 П 875-32/К 93 605618 7 0.01 Дост: Pk Вид: Ф N: стар фонд Дата: 01.01.1994 Книги  
Изтеглен Не е изгубен   Не е повреден без рестрикции заемане за дома 1988 Регионална библиотека "Любен Каравелов" Русе Регионална библиотека "Любен Каравелов" Русе   1996-01-01 Заемна - подръчен фонд 4.14 625122 П 875-32/К 93 625122 8 2.12 Дост: Pk Вид: Ф N: стар фонд Дата: 01.01.1996 Книги Отч.N: 3 , Дата: 17.01.2018
Vip Innovations Ltd, Rousse, Bulgaria 2025